000 00881nam a22002537a 4500
001 4985
003 FISKH
005 20241030120418.0
008 241030b cb ||||| |||| 00| 0 eng d
020 _a9780531219904
040 _aFISKH
_beng
_cFISKH
_dFISKH
050 _aTJ211.O84
082 _a629.8
100 _aOtfinoski, Steven
245 _aMaking Robots :
_b Science, Technology, and Engineering (Calling All Innovators: A Career For You) /
_cby Steven Otfinoski
260 _aNew York :
_bScholastic ;
_c2017.
300 _a64 pages :
_bcolor illustrations ;
_c24 cm .
490 _aCalling All Innovators
520 _a"Learn about the history of robotics and find out what it takes to make it in this exciting career field."--
650 _aRobots
_vJuvenile Literature
700 _aLammi, Mathew
_eContent Consultant
942 _2ddc
_cBK
_n0
999 _c4985
_d4985